Countries of the World Quiz in Native Language - Statistics

General Stats
  • This quiz has been taken 1,739 times
    253 since last reset
  • The average score is 93 of 196
Answers on the Map
Answers color-coded by a green-red scale on the quiz's map according to % correct below.
 
Answer Stats
Country % Correct
United Kingdom
94%
United States
93%
Canada
92%
México
92%
Deutschland
88%
España
88%
France
88%
Ireland
87%
Italia
86%
Portugal
86%
Australia
85%
Argentina
84%
Chile
84%
Brasil
83%
Colombia
81%
Panamá
81%
Perú
81%
Bolivia
80%
Cuba
80%
Ecuador
79%
Uruguay
78%
Venezuela
78%
Guyana
77%
New Zealand
77%
Suriname
77%
Costa Rica
76%
El Salvador
76%
Guatemala
76%
Honduras
76%
Nicaragua
76%
Belize
75%
République du Congo
73%
Suomi
72%
Irān
70%
Nippon
70%
Bahamas
69%
Indonesia
69%
Türkiye
69%
al-ʿIrāq
68%
Jamaica
68%
Nederland
68%
Polska
67%
Österreich
66%
România
66%
Ísland
65%
Niger
64%
Việt Nam
64%
Nigeria
63%
Norge
63%
Pākistān
63%
Nepāl
62%
Sūdān
62%
Sverige
62%
Danmark
61%
République démocratique du Congo
61%
Dominica
60%
Malaysia
60%
Yisra'el
60%
Angola
59%
Lāo
59%
Saint Vincent and the Grenadines
59%
Tūnis
59%
Afġānistān
58%
Fiji
58%
Kenya
58%
Mali
58%
Malta
58%
Namibia
58%
Saint Lucia
58%
Tanzania
58%
Belarus
57%
Côte d'Ivoire
57%
Ghana
57%
Moldova
57%
Qaṭar
57%
Sénégal
57%
Togo
57%
Zambia
57%
Zimbabwe
57%
België
56%
Botswana
56%
Elláda
56%
Mongol Uls
56%
Saint Kitts and Nevis
56%
Taiwan
56%
Thai
56%
Tonga
56%
Bānlādēśa
55%
Trinidad and Tobago
55%
Bénin
54%
Sāmoa
54%
Singapore
54%
Śrī Laṅkā
54%
Barbados
53%
Gabon
53%
Kiribati
53%
Uganda
53%
eSwatini
52%
Lesotho
52%
Malaŵi
52%
Rwanda
52%
Burundi
51%
Gambia
51%
Grenada
51%
Liberia
51%
Magyarország
51%
Tuvalu
51%
Vanuatu
51%
Antigua and Barbuda
49%
Federated States of Micronesia
49%
Hrvatska
49%
São Tomé e Príncipe
49%
Schweiz
49%
South Sudan
49%
Türkmenistan
49%
Ukraina
49%
Cabo Verde
48%
Sierra Leone
48%
Burkina Faso
47%
Zhōngguó
47%
Eesti
46%
Solomon Islands
46%
Andorra
45%
Bhārat
45%
Rossiya
45%
San Marino
45%
Liechtenstein
44%
Monaco
41%
República Dominicana
41%
al-Miṣr
38%
Brunei
38%
Slovensko
37%
Crna Gora
35%
Timór-Leste
35%
Česko
34%
Slovenija
34%
Srbija
34%
Shqipëria
33%
Kýpros
32%
Bosna i Hercegovina
31%
Lietuva
31%
Kosova
29%
Bǎlgarija
28%
Latvija
28%
Kampuchea
27%
Città del Vaticano
26%
Sakartvelo
26%
Chosŏn
24%
Hanguk
24%
Cameroun
23%
Hayastan
23%
Severna Makedonija
23%
Ayiti
22%
Guinée
22%
Qazaqstan
22%
Oʻzbekiston
20%
Azərbaycan
18%
Lëtzebuerg
18%
Paraguái
18%
Sūriyā
18%
al-Maghrib
17%
Pilipinas
17%
al-Jazāʾir
16%
Madagasikara
16%
Moçambique
16%
Umān
16%
al-ʾUrdunn
15%
Lubnān
15%
al-Baḥrayn
14%
Belau
14%
Lībiyā
14%
Druk Yul
13%
Guinea Ecuatorial
13%
al-Yaman
12%
Soomaaliya
12%
Tšād
12%
al-ʿArabīyah as-Saʿūdīyah
11%
al-Jibuti
11%
al-Kuwayt
11%
Guiné-Bissau
11%
Tojikiston
11%
Dhivehi Raajje
8%
Sesel
7%
Moris
6%
Myăma
6%
Papua Niugini
6%
Qırğızstan
6%
Komori
5%
Mūrītānyā
5%
Naoero
5%
al-ʾImārāt al-ʿArabīyah al-Muttaḥidah
4%
Éretrā
3%
Aolepān Aorōkin Ṃajeḷ
2%
Ködörösêse tî Bêafrîka
2%
Itoophiyaa
1%
Ningizimu Afrika
1%
No matching quizzes found
Score Distribution
Percent of People with Each Score
Percentile by Number Answered
Your Score History
You have not taken this quiz since the last reset